| 000 | 01076 a2200313 4500 | ||
|---|---|---|---|
| 999 |
_c200002511 _d22722 |
||
| 001 | 200002511 | ||
| 003 | TR-AnTOB | ||
| 005 | 20230824164626.0 | ||
| 008 | 110105s2010 tu 000 0 | ||
| 020 | _a9789944605991 | ||
| 040 |
_aTR-AnTOB _cTR-AnTOB |
||
| 041 | _atur | ||
| 050 |
_aHV1559.T9 _bI78 2010 |
||
| 090 | _aHV1559.T9 I78 2010 | ||
| 245 | 0 | 0 |
_aİstanbul özürlüler istihdamı araştırma ve geliştirme raporu 2009 / _cproje koordinatörü ve yardımcıları Mustafa Şen, Mustafa Bügelek, Nuran Köse Çerçi. |
| 264 | 1 |
_aİstanbul : _bİstanbul Ticaret Odası, _c2010. |
|
| 300 |
_a359 s. : _c29 cm. |
||
| 336 |
_2rdacontent _atext _btxt |
||
| 337 |
_2rdamedia _aunmediated _bn |
||
| 338 |
_2rdacarrier _avolume _bnc |
||
| 490 | 0 |
_aİTO ; _v2010-14 |
|
| 650 | 0 |
_aPeople with disabilities _zTurkey _zIstanbul _971759 |
|
| 650 | 0 |
_aEngelliler _xİstihdam _zTürkiye _zİstanbul _971764 |
|
| 650 | 0 |
_aEngelliler _zTürkiye _zİstanbul _971760 |
|
| 650 | 0 |
_aEngelliler _zTürkiye _zİstanbul _xSosyal durum _971762 |
|
| 910 | _a0035023 | ||
| 942 |
_cBK _2lcc |
||